| 000 | 00416nam a2200169 a 4500 | ||
|---|---|---|---|
| 001 | 451 | ||
| 003 | CDMR | ||
| 005 | 20131213132704.0 | ||
| 008 | 130130s1982||||||||||||||||||||||||||||d | ||
| 020 | _a8474440653 | ||
| 040 |
_aCDMR _bcat _cCDMR |
||
| 100 | 1 |
_aMontero, Rosa _9323 |
|
| 245 | 1 | 0 |
_aCinco años de país _cRosa Montero |
| 260 |
_aMadrid _c1982 _bDebate |
||
| 650 | 0 | 4 |
_94266 _aIntervius _z1977-1981 |
| 942 |
_cMON _2udc |
||
| 999 |
_c451 _d451 |
||